000
00194 a2200085 4500
020
_a
9788170332091
100
_a
R. Y. Singh
245
_a
Geography of Settlements
260
_b
Rawat Publication
_c
2002
999
_c
13186
_d
13186